Library of the University of Algiers 3
Ibrahim Sultan Cheibout
شعار جامعة الجزائر 3
مكتبة جامعة الجزائر 3
إبراهيم سلطان شيبوط

إدارة الجودة الشاملة بمنظمات الرعاية الاجتماعية / (رقم التسجيلة. 43840)

تفاصيل مارك
000 -LEADER
fixed length control field 01750nam a2200229Ia 4500
003 - CONTROL NUMBER IDENTIFIER
control field Ost
005 - DATE AND TIME OF LATEST TRANSACTION
control field 20260507075309.0
008 - FIXED-LENGTH DATA ELEMENTS--GENERAL INFORMATION
fixed length control field 260507s9999||||xx |||||||||||||| ||und||
040 ## - CATALOGING SOURCE
Transcribing agency fsecg
041 ## - LANGUAGE CODE
Language code of text/sound track or separate title ara
082 ## - DEWEY DECIMAL CLASSIFICATION NUMBER
Classification number 330
100 ## - MAIN ENTRY--PERSONAL NAME
Personal name عبد الفتاح محمد، محمد
Relator term مؤلف
245 #0 - TITLE STATEMENT
Title إدارة الجودة الشاملة بمنظمات الرعاية الاجتماعية /
Statement of responsibility, etc. محمد عبد الفتاح محمد
260 ## - PUBLICATION, DISTRIBUTION, ETC.
Place of publication, distribution, etc. الاسكندرية:
Name of publisher, distributor, etc. المكتب الجامعي الحديث,
Date of publication, distribution, etc. 2008
300 ## - PHYSICAL DESCRIPTION
Extent 336 صفحة؛
Dimensions 25 سم
520 ## - SUMMARY, ETC.
Summary, etc. مفاهيم و سمات و خصائص و أهداف المنظمات الاجتماعية مع مفهوم الجمعيات الاهلية تصنيفاتها و أهمية دراسة الجمعيات في الخدمة الاجتماعية و خصائص الجمعيات الاهلية المعاصرة ، فلسفتها ، تنظيمها الاداري و إشكالياتها ، خصائص و أهداف نظام الحكم في مصر و العلاقة بين المنظمات الاهلية و الحكومية ، المشكلات الادارية للمنظمات الاجتماعية مع تناول موضوع الادارة في الخدمة الاجتماعية و الاسس النظرية لادارة الجودة الشاملة مع نماذجها و مراحلها ، التنظيم الاداري و التخطيط الاداري ، التدريب و تنمية العاملين ، التمويل و الميزانية و أخيرا التطرق الى موضوع اتخاذ القرار.
653 ## - INDEX TERM--UNCONTROLLED
Uncontrolled term الادارة
653 ## - INDEX TERM--UNCONTROLLED
Uncontrolled term الإيزو
653 ## - INDEX TERM--UNCONTROLLED
Uncontrolled term الخدمة الإجتماعية
653 ## - INDEX TERM--UNCONTROLLED
Uncontrolled term ضبط الجودة
942 ## - ADDED ENTRY ELEMENTS (KOHA)
Koha item type كتب
المقتنيات
Withdrawn status Lost status Source of classification or shelving scheme Damaged status Not for loan Home library Current library Date acquired Serial enumeration / chronology Inventory number Total checkouts Full call number Barcode Date last seen Price effective from Koha item type
    Dewey Decimal Classification   NOT LOAN / إعارة داخلية مكتبة كلية العلوم الإقتصادية والعلوم التجارية وعلوم التسيير مكتبة كلية العلوم الإقتصادية والعلوم التجارية وعلوم التسيير 07/05/2026 الطابق الأرضي 2011/14737   أ/3814ن1 2011/14737 07/05/2026 07/05/2026 كتب
    Dewey Decimal Classification   Available مكتبة كلية العلوم الإقتصادية والعلوم التجارية وعلوم التسيير مكتبة كلية العلوم الإقتصادية والعلوم التجارية وعلوم التسيير 07/05/2026 الطابق الأرضي 2011/14738   أ/3814ن2 2011/14738 07/05/2026 07/05/2026 كتب
    Dewey Decimal Classification   Available مكتبة كلية العلوم الإقتصادية والعلوم التجارية وعلوم التسيير مكتبة كلية العلوم الإقتصادية والعلوم التجارية وعلوم التسيير 07/05/2026 الطابق الأرضي 2011/14739   أ/3814ن3 2011/14739 07/05/2026 07/05/2026 كتب

موارد الويب المفتوحة


© University of Algiers 3 All Rights Reserved
|
Implemented by LECHELAH Riad